Victorian Worthies : (Record no. 249451)
[ view plain ]
| 000 -LEADER | |
|---|---|
| fixed length control field | 01366cam a22002653a 4500 |
| 001 - CONTROL NUMBER | |
| control field | 20196 |
| 003 - CONTROL NUMBER IDENTIFIER | |
| control field | PGUSA |
| 005 - DATE AND TIME OF LATEST TRANSACTION | |
| control field | 20140828083428.0 |
| 008 - FIXED-LENGTH DATA ELEMENTS--GENERAL INFORMATION | |
| fixed length control field | 061226s2006||||xxu|||||s|||||000 | eng d |
| 040 ## - CATALOGING SOURCE | |
| Original cataloging agency | PGUSA |
| Language of cataloging | eng |
| 042 ## - AUTHENTICATION CODE | |
| Authentication code | dc |
| 050 #4 - LIBRARY OF CONGRESS CALL NUMBER | |
| Classification number | CT |
| 100 1# - MAIN ENTRY--PERSONAL NAME | |
| Personal name | Blore, George Henry, |
| Dates associated with a name | 1870- |
| 245 10 - TITLE STATEMENT | |
| Title | Victorian Worthies : |
| Remainder of title | Sixteen Biographies |
| Medium | [electronic resource] / |
| Statement of responsibility, etc | George Henry Blore |
| 260 ## - PUBLICATION, DISTRIBUTION, ETC. (IMPRINT) | |
| Name of publisher, distributor, etc | Project Gutenberg, |
| Date of publication, distribution, etc | 2006 |
| 505 0# - FORMATTED CONTENTS NOTE | |
| Formatted contents note | Introduction: The Victorian era -- Thomas Carlyle, prophet -- Sir Robert Peel, statesman -- Sir Charles Napier, soldier -- The Earl of Shaftesbury, philanthropist -- Lord Lawrence, administrator -- John Bright, tribune -- Charles Dickens, novelist and social reformer -- Lord Tennyson, poet -- Charles Kingsley, parish priest -- George Frederick Watts, artist -- Bishop Patteson, missionary -- Sir Robert Morier, diplomatist -- Lord Lister, surgeon -- William Morris, craftsman -- John Richard Green, historian -- Cecil Rhodes, colonist -- Index. |
| 506 ## - RESTRICTIONS ON ACCESS NOTE | |
| Terms governing access | Public domain in the USA. |
| 516 ## - TYPE OF COMPUTER FILE OR DATA NOTE | |
| Type of computer file or data note | Electronic text |
| 653 ## - INDEX TERM--UNCONTROLLED | |
| Uncontrolled term | Great Britain -- Biography |
| 653 ## - INDEX TERM--UNCONTROLLED | |
| Uncontrolled term | Great Britain -- History -- Victoria, 1837-1901 -- Biography |
| 653 ## - INDEX TERM--UNCONTROLLED | |
| Uncontrolled term | Great Britain -- Intellectual life -- 19th century |
| 830 #0 - SERIES ADDED ENTRY--UNIFORM TITLE | |
| Uniform title | Project Gutenberg |
| Volume number/sequential designation | 20196 |
| 856 40 - ELECTRONIC LOCATION AND ACCESS | |
| Uniform Resource Identifier | <a href="http://www.gutenberg.org/ebooks/20196">http://www.gutenberg.org/ebooks/20196</a> |
| 942 ## - ADDED ENTRY ELEMENTS (KOHA) | |
| Koha item type | eBooks |
| Withdrawn status | Lost status | Damaged status | Home library | Current library | Date acquired | Total Checkouts | Date last seen | Price effective from | Koha item type |
|---|---|---|---|---|---|---|---|---|---|
| Project Gutenberg | Project Gutenberg | 08/28/2014 | 08/28/2014 | 08/28/2014 | eBooks |